| 000 | 00492nam a2200181Ia 4500 | ||
|---|---|---|---|
| 999 |
_c29308 _d29308 |
||
| 003 | OSt | ||
| 005 | 20210210102851.0 | ||
| 008 | 190216s9999||||xx |||||||||||||| ||und|| | ||
| 020 | _a9788126415656 | ||
| 040 | _coclc | ||
| 082 |
_a390 _bVAY/A |
||
| 100 |
_aVayaleri, Kumaran _98462 |
||
| 245 | 0 |
_aAdivasi Puravritham / _cKumaran Vayaleri |
|
| 260 |
_bD C Books, _aKottayam: _c2007. |
||
| 300 | _a112p | ||
| 650 | _aPadanam | ||
| 942 |
_cBK _2ddc _h390 _iVAY/A _k390 _mVAY/A |
||